Guess the Celebrity From Childhood Photo - Statistics

General Stats
  • This quiz has been taken 68 times
  • The average score is 8 of 12
Answer Stats
Picture Answer % Correct
Ed Sheeran
93%
Justin Bieber
85%
Taylor Swift
84%
Zendaya
84%
Bruno Mars
80%
Selena Gomez
79%
Tom Holland
70%
Drake
67%
Harry Styles
67%
Beyoncé
54%
Ariana Grande
43%
Billie Eilish
39%
No matching quizzes found
Score Distribution
Percent of People with Each Score
Percentile by Number Answered
Your Score History
You have not taken this quiz